Statistics for India... or Bangladesh?

Click here to take the quiz!

General Stats

  • This quiz has been taken 53 times
  • The average score is 11 of 15

Answer Stats

QuestionAnswer% Correct
Has red in their flag?Bangladesh
91%
Gained independence in 1971?Bangladesh
91%
Most people?India
91%
Most densely populated?Bangladesh
84%
Borders the Bay of Bengal?Both
84%
Formerly part of the British Empire?Both
79%
Longest constitution?India
79%
The Land of Rivers?Bangladesh
72%
Part of BRICS?India
72%
Fought war(s) with Pakistan?Both
67%
Is divided into states?India
67%
Has a significant amount of Bangla speakers?Both
60%
Where the term "bungalow" refers to?Bangladesh
53%
Home of Seven Colour Tea?Bangladesh
47%
Is divided into smaller districts?Both
30%

Score Distribution

Percentile by Number Answered

Percent of People with Each Score

Your Score History

You have not taken this quiz